LIBRARY ONLINE CATALOGUE

Why I am a Christian : (Record no. 11828)

MARC details
000 -LEADER
fixed length control field 00652nam a22002172 4500
001 - CONTROL NUMBER
control field 0000000916
005 - DATE AND TIME OF LATEST TRANSACTION
control field 20151217155200.0
008 - FIXED-LENGTH DATA ELEMENTS--GENERAL INFORMATION
fixed length control field 070222s xx 000 0 eng d
020 ## - INTERNATIONAL STANDARD BOOK NUMBER
International Standard Book Number 0851114075 :
Terms of availability KES 690
040 ## - CATALOGING SOURCE
Original cataloging agency KABU
Transcribing agency KABU
050 #0 - LIBRARY OF CONGRESS CALL NUMBER
Classification number BS65
Item number .S76 2003
100 1# - MAIN ENTRY--PERSONAL NAME
Personal name Stott, John.
-- 0000149359
245 10 - TITLE STATEMENT
Title Why I am a Christian :
Remainder of title this is my story /
Statement of responsibility, etc. John Stott.
260 ## - PUBLICATION, DISTRIBUTION, ETC. (IMPRINT)
Place of publication, distribution, etc. Leicester :
Name of publisher, distributor, etc. Inter Varsity Press,
Date of publication, distribution, etc. 2003.
300 ## - PHYSICAL DESCRIPTION
Extent 149 p. ;
Dimensions 22 cm.
650 #0 - SUBJECT ADDED ENTRY--TOPICAL TERM
Topical term or geographic name as entry element Theology, Doctrinal.
-- 0000100890
650 #0 - SUBJECT ADDED ENTRY--TOPICAL TERM
Topical term or geographic name as entry element Christianity.
-- 0000148830
908 ## - PUT COMMAND PARAMETER (RLIN)
Put command parameter 070222
950 ## - LOCAL HOLDINGS (RLIN)
-- 1
Holdings
Withdrawn status Lost status Source of classification or shelving scheme Not for loan Home library Current library Date acquired Total Checkouts Full call number Barcode Date last seen Price effective from Koha item type
    Library of Congress Classification   Kabarak, Main Campus Kabarak, Main Campus 17/12/2015   BS65 .S76 2003 012005 02/08/2024 17/12/2015 General Collection